LEADER 01465nam a2200325 i 4500 001 000000105347 003 CaOOAMICUS 005 20070529104022.0 008 070529s1995 it 000 u ita c 020 $a88-311-3123-0 040 $aPUL$bita$dES 041 1 $aita$hgrc 100 0 $aOrigenes,$d184-253.$0(OLS)http://pul/name/1274 245 10$aOmelie su Geremia /$cOrigene ; introduzione, traduzione e note a cura di Luciana Mortari. 260 $aRoma :$bCittā Nuova,$cc1995. 300 $a353 p. ;$c20 cm 490 1 $aCollana di testi patristici ;$v123 500 $aSul front.: Anche oggi nelle Scritture sante spirano parole di pienezza. (L. II, 2, 41) 700 1 $aMortari, Luciana,$csuora.$0(OLS)http://pul/name/5331 700 0 $aOrigenes,$d184-253.$tHomiliae in Hieremiam.$0(OLS)http://pul/nameTitle/427$0(OLS)http://pul/name/1274$0(OLS)http://pul/title/132553 830 0$aCollana di testi patristici ;$v123.$0(OLS)http://pul/title/17027 850 $aPUL 852 $aPUL$W1$xSL Cons. Gen., Altre Classi 1$y1$m2000 E 123$j118065$qStampati$B117982$CPULBib$Z2$F117982 $H74034 $82 900 $aOrigene,$d184-253$91274 900 $aOrigene,$d184-253$91274 900 $aOrigene,$d184-253$91274 941 1 $a8 996 $6020$a88-311-3123-0$9(OLS)http://pul/number/134573 996 $6245$aOmelie su Geremia$9(OLS)http://pul/title/132552 996 $6260$aRoma :$bCittā Nuova$9(OLS)http://pul/publisher/47927 LEADER 01350nam a2200301 u 4500 001 000000053092 003 CaOOAMICUS 005 20071010125348.0 008 001107s1969 it u000 u ita u 035 $a10860450 040 $aPUL(R)$bita 041 1 $aita$hger 100 1 $aHäring, Bernhard,$cC.SS.R.,$d1912-1998.$0(OLS)http://pul/name/6314 240 10$aKrise um "Humanae vitae".$lItaliano.$0(OLS)http://pul/title/71206 245 10$aCrisi intorno alla "Humanae vitae" /$cBernhard Häring. 260 $aRoma :$bEdizioni Paoline,$c1969. 300 $a164 p. ;$c18 cm. 490 1 $aPunti scottanti di teologia ;$v32 610 24$aPapi (1963-1978 : Paulus PP. VI).$tHumanae vitae$xCritica e interpretazione.$0(OLS)http://pul/subject/1394 830 0$aPunti scottanti di teologia ;$v32.$0(OLS)http://pul/title/510 850 $aPUL 852 $aPUL$W1$xDP1 Fondo Venturi$y52$m1551 B 20$j70080$nBK-PRI$b $qFondi$B70080$CPULBib$Z2$F70080 $H $81 852 $aPUL$W1$xSL Religione 1$y3$m36 I 12$j122185$qStampati$B121164$CPULBib$Z2$F121164 $H31315 $82 941 1 $a1 941 1 $a8 961 $aINV: Fondo Venturi 996 $6245$aCrisi intorno alla "Humanae vitae"$9(OLS)http://pul/title/71207 996 $6260$aRoma :$bEdizioni Paoline$9(OLS)http://pul/publisher/47933